000 03637cas a2200793 4500
001 792
003 BD-RjUL
005 20211208233230.0
008 131123c18799999dcuwn p 0 a0eng
030 _aJACSAT
032 _a277500
_bUSPS
035 _a(OCoLC)ocm01226990
035 _a(BD-RjUL)812
040 _aDLC
_beng
_cDNLM
_dNSDP
_dOCoLC
_dNSDP
_dInU
_dOCoLC
_dMnMULS
_dPPiU
_dDLC
_dOCoLC
_dAIP
_dOCoLC
_dAIP
_dOCoLC
_dNST
_dOCoLC
_dNST
_dInU
_dNSDP
_dNST
_dOCoLC
_dNST
_dOUCA
_dNST
_dWaU
_dInU
_dDLC
_dNSDP
_dDLC
_dMCM
_dInU
_dDLC
_dOUCA
_dOCoLC
_dOUCA
_dDNLM
_dOCoLC
_dOUCA
_dDIBAM
_dNLGGC
_dGU
_dCaQQL
_dNSDP
_dDLC
_dOCoLC
_dUKMGB
_dOCoLC
_dBD-RjUL
042 _ansdp
_apcc
051 _c2d set
060 0 0 _aW1
_bJO908G
082 4 _a540.5
_bJAC
110 2 _aAmerican Chemical Society.
_92369
245 1 0 _aJournal of the American Chemical Society.
260 _aWashington :
_bAmerican Chemical Society,
_c1879-
300 _av.
_bill.
_c23-27 cm.
321 _aMonthly,
_b1879-
321 _aBiweekly,
_b-1994
500 _aProceedings of the Society are included in v. 1-59, 1879-1937.
500 _aCarson Collection: Vol. 7, no. 6 (June 1885).
_5DLC
510 0 _aChemical abstracts
_x0009-2258
525 _aMost issues for <1978>-Feb. 1, 1995 accompanied by supplementary material on microfiche; Feb. 8 1995-<Feb.25, 1998> by supporting information on microfiche; current supporting information available online.
580 _aThe review of American chemical research, v. 3-12, 1897-1906, issued with v. 19-28.
650 0 _aChemistry
_vPeriodicals.
_9427
650 2 _aChemistry
_vPeriodicals.
_9427
650 7 _aQuímica
_xPUBLICACIONES PERIODICAS.
_2renib
_92370
650 1 7 _aChemie.
_2gtt
_92371
650 6 _aChimie
_vPériodiques.
_92372
710 2 2 _aAmerican Chemical Society.
_tProceedings of the American Chemical Society.
_92373
710 2 _aMarian S. Carson Collection (Library of Congress)
_5DLC
_92374
730 0 2 _aReview of American chemical research.
_92375
776 1 _tJournal of the American Chemical Society (CD-ROM)
_x1943-2984
_w(DLC)sn 96034278
_w(OCoLC)34309491
776 1 _tJournal of the American Chemical Society (Online)
_x1520-5126
_w(DLC)sn 98004594
_w(OCoLC)39281171
776 0 8 _iOnline version:
_aAmerican Chemical Society.
_tJournal of the American Chemical Society
_w(OCoLC)570926346
777 1 _tReview of American chemical research
_w(OCoLC)1715091
780 0 5 _tJournal of analytical and applied chemistry
_gJuly 1893
_w(DLC)sn 84042881
_w(OCoLC)7417834
780 0 5 _tAmerican chemical journal
_gJan. 1914
_x0096-4085
_w(DLC) 14006052
_w(OCoLC)1479644
906 _a7
_bcbc
_cserials
_d3
_encip
_f19
_gn-oclcserc
942 _2ddc
_cCR
999 _c792
_d792